[Event "Montcalm-ch 2007-08"]
[Site "Quebec CAN"]
[Date "2008.05.08"]
[Round "3"]
[White "Auger, Bertrand"]
[Black "Caron, Sebastien"]
[Result "1-0"]
[WhiteElo "2058"]
[BlackElo "1921"]
[PlyCount "124"]
[GameId "2160767910351031"]
[EventDate "2008.04.24"]
[EventType "tourn"]
[EventRounds "5"]
[EventCountry "CAN"]
[SourceTitle "EXT 2011"]
[Source "ChessBase"]
[SourceDate "2011.11.26"]
[SourceVersion "1"]
[SourceVersionDate "2011.11.26"]
[SourceQuality "1"]

1. g3 Nf6 2. Bg2 c5 3. c4 g6 4. Nc3 Bg7 5. Nf3 O-O 6. d4 cxd4 7. Nxd4 Nc6 8. O-O Nxd4 9. Qxd4 d6 10. Qd3 Rb8 11. Re1 Ng4 12. b3 Qb6 13. e3 Bf5 14. Qd2 Be6 15. Na4 Qc7 16. Bb2 Bxb2 17. Qxb2 Ne5 18. Qc3 Bd7 19. Nb2 b5 20. Rac1 Rfc8 21. f4 Ng4 22. Qd2 Qb6 23. h3 Nf6 24. Kh2 bxc4 25. Nxc4 Qa6 26. e4 Bb5 27. e5 Ne8 28. exd6 Nxd6 29. Nxd6 exd6 30. a4 Be8 31. Bd5 Rxc1 32. Rxc1 Qb6 33. a5 Qd8 34. g4 Rc8 35. Rxc8 Qxc8 36. b4 Bb5 37. Kg3 Qe8 38. Kf2 a6 39. h4 Qe7 40. g5 h6 41. Kf3 hxg5 42. hxg5 Qd7 43. Kg3 Bf1 44. Bg2 Bc4 45. Bh3 Qe7 46. Kf2 d5 47. Bf1 Qe4 48. Bg2 Qe6 49. Qe3 Qd6 50. Qe8+ Kg7 51. Qe5+ Qxe5 52. fxe5 d4 53. Ke1 Kf8 54. Kd2 Ke7 55. Bh3 Kd8 56. Bg4 Kc7 57. Bf3 Bb5 58. Bd5 Bc6 59. Bxf7 Be4 60. Bc4 Kc6 61. Bxa6 Kd5 62. Bb7+ Kxe5 1-0

[Event "Montcalm-ch 2007-08"]
[Site "Quebec CAN"]
[Date "2008.05.08"]
[Round "3"]
[White "Cournoyer, Dominic"]
[Black "Lessard, Claude"]
[Result "1-0"]
[WhiteElo "1927"]
[BlackElo "1956"]
[PlyCount "99"]
[GameId "2160767910351032"]
[EventDate "2008.04.24"]
[EventType "tourn"]
[EventRounds "5"]
[EventCountry "CAN"]
[SourceTitle "EXT 2011"]
[Source "ChessBase"]
[SourceDate "2011.11.26"]
[SourceVersion "1"]
[SourceVersionDate "2011.11.26"]
[SourceQuality "1"]

1. c4 e5 2. Nc3 Nf6 3. Nf3 Nc6 4. g3 Bb4 5. Nd5 e4 6. Nxb4 exf3 7. Nxc6 dxc6 8. exf3 O-O 9. d3 Bf5 10. Be3 Re8 11. Be2 Bh3 12. Qd2 b5 13. O-O-O Qc8 14. g4 h5 15. Rhg1 hxg4 16. Qc3 bxc4 17. dxc4 Qa6 18. Kb1 c5 19. Bd3 Qc6 20. fxg4 Bg2 21. g5 Ne4 22. Qc2 Bf3 23. Rde1 Rad8 24. Ka1 Qd6 25. Bxe4 Bxe4 26. Qc1 Bf3 27. Rg3 Bh5 28. a3 Qa6 29. Rh3 g6 30. Qc3 Re4 31. Rc1 Re6 32. Bxc5 Rde8 33. Bd4 Qd6 34. Rd3 Qf4 35. Be3 Qxh2 36. Rd7 Rc6 37. Bd4 Bg4 38. Rd5 a6 39. Re1 Be6 40. Rde5 Rd8 41. R5e3 Rcd6 42. Bf6 Rd1+ 43. Rxd1 Rxd1+ 44. Ka2 Qf4 45. Kb3 Rd6 46. Rd3 Qxc4+ 47. Kc2 Qxd3+ 48. Qxd3 Bf5 49. Qxf5 gxf5 50. f4 1-0

[Event "Montcalm-ch 2007-08"]
[Site "Quebec CAN"]
[Date "2008.05.08"]
[Round "3"]
[White "Sauve, Richard"]
[Black "Caire, Francois"]
[Result "1/2-1/2"]
[WhiteElo "1975"]
[BlackElo "2178"]
[PlyCount "69"]
[GameId "2160767910351033"]
[EventDate "2008.04.24"]
[EventType "tourn"]
[EventRounds "5"]
[EventCountry "CAN"]
[SourceTitle "EXT 2011"]
[Source "ChessBase"]
[SourceDate "2011.11.26"]
[SourceVersion "1"]
[SourceVersionDate "2011.11.26"]
[SourceQuality "1"]

1. d4 Nf6 2. c4 e6 3. Nc3 Bb4 4. Qc2 O-O 5. a3 Bxc3+ 6. Qxc3 b6 7. Bg5 Bb7 8. e3 d6 9. f3 Nbd7 10. Bd3 c5 11. Ne2 Rc8 12. Qb3 d5 13. cxd5 Bxd5 14. Qd1 cxd4 15. Nxd4 Ne5 16. Ba6 Ra8 17. O-O Qe7 18. Rc1 Rad8 19. Qe2 Bb7 20. Rc2 Bxa6 21. Qxa6 Rd7 22. Rfc1 h6 23. Bf4 Ng6 24. Nc6 Qe8 25. Bb8 Nd5 26. Qe2 Nge7 27. Ne5 Rb7 28. Bd6 Qd8 29. Bxe7 Nxe7 30. Rd1 Qa8 31. Rcd2 Rc8 32. e4 Rbc7 33. Qd3 Qb7 34. Qb3 Qb8 35. Qa4 1/2-1/2

[Event "Montcalm-ch 2007-08"]
[Site "Quebec CAN"]
[Date "2008.05.15"]
[Round "4"]
[White "Caire, Francois"]
[Black "Auger, Bertrand"]
[Result "1-0"]
[WhiteElo "2178"]
[BlackElo "2058"]
[PlyCount "61"]
[GameId "2160767910351034"]
[EventDate "2008.04.24"]
[EventType "tourn"]
[EventRounds "5"]
[EventCountry "CAN"]
[SourceTitle "EXT 2011"]
[Source "ChessBase"]
[SourceDate "2011.11.26"]
[SourceVersion "1"]
[SourceVersionDate "2011.11.26"]
[SourceQuality "1"]

1. d4 d5 2. Nf3 e6 3. g3 Nf6 4. Bg2 Be7 5. c4 O-O 6. O-O b6 7. Nc3 Bb7 8. cxd5 Nxd5 9. Nxd5 Bxd5 10. Qc2 c5 11. e4 Bb7 12. Rd1 cxd4 13. Nxd4 Qc8 14. Qe2 Nc6 15. Be3 Nxd4 16. Bxd4 Ba6 17. Qg4 g6 18. Qf4 Qb8 19. Qh6 e5 20. Bc3 Qc7 21. Rd5 Bf6 22. Rc1 Qe7 23. Qd2 Rfd8 24. Bb4 Rxd5 25. exd5 Qd7 26. d6 Rc8 27. Rxc8+ Bxc8 28. Bc3 Qf5 29. Bc6 Bd7 30. Bxd7 Qxd7 31. Qd5 1-0

[Event "Montcalm-ch 2007-08"]
[Site "Quebec CAN"]
[Date "2008.05.15"]
[Round "4"]
[White "Cournoyer, Dominic"]
[Black "Sauve, Richard"]
[Result "1/2-1/2"]
[WhiteElo "1927"]
[BlackElo "1975"]
[PlyCount "56"]
[GameId "2160767910351035"]
[EventDate "2008.04.24"]
[EventType "tourn"]
[EventRounds "5"]
[EventCountry "CAN"]
[SourceTitle "EXT 2011"]
[Source "ChessBase"]
[SourceDate "2011.11.26"]
[SourceVersion "1"]
[SourceVersionDate "2011.11.26"]
[SourceQuality "1"]

1. c4 e6 2. Nc3 d5 3. cxd5 exd5 4. d4 c6 5. Bf4 Bd6 6. Bxd6 Qxd6 7. e3 Nf6 8. h3 Bf5 9. Nf3 O-O 10. Nh4 Be4 11. Nxe4 Nxe4 12. a3 Ng3 13. Rg1 Nxf1 14. Rxf1 Nd7 15. Nf3 Nb6 16. b3 a5 17. Ke2 Rfc8 18. Re1 a4 19. b4 Nc4 20. Kf1 f5 21. Kg1 b5 22. Qd3 Rf8 23. Nd2 Rf6 24. f4 Re8 25. Nf3 Qe6 26. Ne5 Kh8 27. Kh2 Rh6 28. Rf1 Rg8 1/2-1/2

[Event "Montcalm-ch 2007-08"]
[Site "Quebec CAN"]
[Date "2008.05.15"]
[Round "4"]
[White "Lessard, Claude"]
[Black "Caron, Sebastien"]
[Result "1-0"]
[WhiteElo "1956"]
[BlackElo "1921"]
[PlyCount "124"]
[GameId "2160767910351036"]
[EventDate "2008.04.24"]
[EventType "tourn"]
[EventRounds "5"]
[EventCountry "CAN"]
[SourceTitle "EXT 2011"]
[Source "ChessBase"]
[SourceDate "2011.11.26"]
[SourceVersion "1"]
[SourceVersionDate "2011.11.26"]
[SourceQuality "1"]

1. d4 Nf6 2. Nf3 g6 3. c4 Bg7 4. Nc3 O-O 5. e4 d6 6. Be2 e5 7. dxe5 dxe5 8. Qxd8 Rxd8 9. Bg5 c6 10. Nxe5 Re8 11. O-O-O Na6 12. f4 h6 13. Bh4 Nh7 14. Bf2 Nc7 15. h4 Nf8 16. Bf3 Bxe5 17. fxe5 Nd7 18. h5 g5 19. Rd6 Nxe5 20. b3 Ne6 21. Rhd1 f6 22. Ne2 g4 23. Ng3 gxf3 24. gxf3 Nf7 25. R6d2 Neg5 26. Rd3 Bh3 27. Rg1 Kh7 28. f4 Nxe4 29. Nxe4 Rxe4 30. Rxh3 Rxf4 31. Be3 Re4 32. Rg6 Ng5 33. Bxg5 fxg5 34. Rd3 Re7 35. Rdd6 Rg7 36. Rxh6+ Kg8 37. Rhe6 Rf8 38. h6 Rf1+ 39. Kb2 Rgf7 40. Rg6+ Kh7 41. Rxg5 a6 42. Rg2 Rc7 43. c5 Rff7 44. Ka3 Rf4 45. b4 Re7 46. Ka4 Rf3 47. Rg7+ Rxg7 48. hxg7 Rf2 49. a3 Rf3 50. Rd7 Kg8 51. Rxb7 Re3 52. Rb6 Re6 53. Rxa6 Kxg7 54. Ka5 Kf8 55. a4 Ke8 56. b5 Re3 57. Rxc6 Kd7 58. Kb6 Ra3 59. a5 Ra4 60. Rh6 Kc8 61. Rh7 Rc4 62. c6 Re4 1-0

[Event "Montcalm-ch 2007-08"]
[Site "Quebec CAN"]
[Date "2008.05.22"]
[Round "5"]
[White "Auger, Bertrand"]
[Black "Cournoyer, Dominic"]
[Result "1/2-1/2"]
[WhiteElo "2058"]
[BlackElo "1927"]
[PlyCount "69"]
[GameId "2160767910351037"]
[EventDate "2008.04.24"]
[EventType "tourn"]
[EventRounds "5"]
[EventCountry "CAN"]
[SourceTitle "EXT 2011"]
[Source "ChessBase"]
[SourceDate "2011.11.26"]
[SourceVersion "1"]
[SourceVersionDate "2011.11.26"]
[SourceQuality "1"]

1. d4 d5 2. g3 c6 3. Nf3 Nf6 4. Bg2 Bf5 5. O-O h6 6. c4 e6 7. Nc3 Bd6 8. b3 O-O 9. Bb2 Nbd7 10. Re1 Ne4 11. Nxe4 Bxe4 12. cxd5 exd5 13. Bh3 Nf6 14. Ne5 Re8 15. f3 Bh7 16. Qd2 Qb6 17. Nd3 Re7 18. Rac1 Rae8 19. e3 Bxd3 20. Qxd3 Qc7 21. Kf2 Nh5 22. f4 Nf6 23. a3 Ne4+ 24. Kg2 Qb6 25. Rc2 a5 26. Ree2 Ra8 27. Kf1 Qd8 28. Kg1 Re8 29. Bg2 Qd7 30. Qd1 Qe7 31. Qc1 Kh8 32. Kh1 Rg8 33. Bf3 Qd7 34. Bxe4 dxe4 35. Red2 1/2-1/2

[Event "Montcalm-ch 2007-08"]
[Site "Quebec CAN"]
[Date "2008.05.22"]
[Round "5"]
[White "Caire, Francois"]
[Black "Caron, Sebastien"]
[Result "1/2-1/2"]
[WhiteElo "2178"]
[BlackElo "1921"]
[PlyCount "44"]
[GameId "2160767910351038"]
[EventDate "2008.04.24"]
[EventType "tourn"]
[EventRounds "5"]
[EventCountry "CAN"]
[SourceTitle "EXT 2011"]
[Source "ChessBase"]
[SourceDate "2011.11.26"]
[SourceVersion "1"]
[SourceVersionDate "2011.11.26"]
[SourceQuality "1"]

1. e4 e5 2. Nf3 Nf6 3. Nxe5 d6 4. Nc4 Nxe4 5. d4 d5 6. Ne3 Nc6 7. c3 Be6 8. Bd3 f5 9. Nd2 Qd7 10. Nxe4 fxe4 11. Bxe4 dxe4 12. d5 Ne5 13. Qh5+ Nf7 14. dxe6 Qxe6 15. Qb5+ Qc6 16. Qxc6+ bxc6 17. O-O Bc5 18. Nc4 O-O-O 19. Bf4 Rde8 20. Rfe1 Nd6 21. Bxd6 cxd6 22. b4 d5 1/2-1/2

[Event "Montcalm-ch 2007-08"]
[Site "Quebec CAN"]
[Date "2008.05.22"]
[Round "5"]
[White "Sauve, Richard"]
[Black "Lessard, Claude"]
[Result "1/2-1/2"]
[WhiteElo "1975"]
[BlackElo "1956"]
[PlyCount "144"]
[GameId "2160767910351040"]
[EventDate "2008.04.24"]
[EventType "tourn"]
[EventRounds "5"]
[EventCountry "CAN"]
[SourceTitle "EXT 2011"]
[Source "ChessBase"]
[SourceDate "2011.11.26"]
[SourceVersion "1"]
[SourceVersionDate "2011.11.26"]
[SourceQuality "1"]

1. d4 Nf6 2. c4 g6 3. Nc3 Bg7 4. e4 d6 5. f3 O-O 6. Be3 c6 7. Bd3 Na6 8. Rc1 Nc7 9. Nge2 e5 10. d5 c5 11. O-O Nh5 12. Qd2 f5 13. f4 Qe7 14. fxe5 Bxe5 15. Bg5 Qe8 16. exf5 gxf5 17. Kh1 Bd7 18. Nf4 a6 19. Qe2 Ng7 20. Qf3 b5 21. b3 bxc4 22. bxc4 Rb8 23. Bc2 Na8 24. Bh6 Qe7 25. Rb1 Nb6 26. Qd3 Qf6 27. Bxg7 Qxg7 28. Nce2 Qh6 29. Rf3 Kh8 30. Rh3 Qf6 31. Rh5 Rg8 32. Qh3 Qg7 33. Rh6 Nxc4 34. Ng6+ Qxg6 35. Rxg6 Rxb1+ 36. Bxb1 Rxg6 37. Bxf5 Bxf5 38. Qxf5 Rf6 39. Qc8+ Kg7 40. Qg4+ Kf8 41. Qxc4 Rf1+ 42. Ng1 Ra1 43. Qxa6 Ke7 44. g3 Bd4 45. Qe2+ Kd7 46. Kg2 Rxg1+ 47. Kf3 Be5 48. a4 Rb1 49. Qc2 Ra1 50. Qxh7+ Kc8 51. Qc2 Ra3+ 52. Kg4 Rc3 53. Qf5+ Kc7 54. a5 Kb7 55. Qb1+ Ka8 56. Kh5 Rc4 57. Qb6 Rb4 58. Qc6+ Ka7 59. g4 Bxh2 60. g5 Be5 61. Kg6 c4 62. Kf7 Rb7+ 63. Ke6 c3 64. g6 Rg7 65. Kf5 Rb7 66. Qc4 Rg7 67. Qc8 Rb7 68. Qc6 Rg7 69. a6 Re7 70. Ke4 c2 71. Kd3 c1=Q 72. Qxc1 Kxa6 1/2-1/2

[Event "Montmagny op"]
[Site "Montmagny CAN"]
[Date "2008.11.21"]
[Round "1"]
[White "Auger, Bertrand"]
[Black "Page-Fortin, Mathieu"]
[Result "0-1"]
[WhiteElo "2009"]
[BlackElo "1846"]
[PlyCount "63"]
[GameId "2160767910286106"]
[EventDate "2008.11.21"]
[EventType "swiss"]
[EventRounds "5"]
[EventCountry "CAN"]

1. Nf3 e6 2. c4 Nf6 3. g3 b6 4. Bg2 Bb7 5. O-O Be7 6. Nc3 O-O 7. d4 d5 8. Ne5 Nbd7 9. cxd5 Nxe5 10. dxe5 Nxd5 11. Nxd5 Bxd5 12. e4 Bc4 13. Qg4 Bxf1 14. Bh6 Bf6 15. Rxf1 Bxe5 16. Rd1 Qf6 17. Bg5 Qg6 18. Qh4 Bf6 19. f4 Bxg5 20. fxg5 e5 21. Bh3 Qc6 22. Rf1 Rad8 23. g6 fxg6 24. Qg5 Qc5+ 25. Kg2 Qc2+ 26. Kg1 Rxf1+ 27. Bxf1 Rf8 28. Qe3 Qxb2 29. Bc4+ Kh8 30. Qd3 Qf2+ 31. Kh1 Qf3+ 32. Qxf3 0-1

[Event "Montmagny op"]
[Site "Montmagny CAN"]
[Date "2008.11.21"]
[Round "1"]
[White "Lemieux, Michel"]
[Black "Cournoyer, Dominic"]
[Result "1/2-1/2"]
[WhiteElo "1791"]
[BlackElo "1958"]
[PlyCount "114"]
[GameId "2160767910286107"]
[EventDate "2008.11.21"]
[EventType "swiss"]
[EventRounds "5"]
[EventCountry "CAN"]

1. Nf3 f5 2. g3 Nf6 3. Bg2 g6 4. d4 Bg7 5. b4 O-O 6. Bb2 d6 7. O-O Qe8 8. c4 Nbd7 9. d5 Nb6 10. Qc2 Qa4 11. Qxa4 Nxa4 12. Bd4 Nb6 13. Nfd2 Rb8 14. Na3 a6 15. Rac1 e5 16. dxe6 Bxe6 17. Nb3 Nbd7 18. Rfd1 b6 19. Ba1 Ne5 20. Nd4 Bf7 21. Nc6 Nxc6 22. Bxc6 Be8 23. Bg2 Ba4 24. Rd3 Rfe8 25. e3 Ne4 26. Bxg7 Kxg7 27. Nc2 Bxc2 28. Rxc2 Re5 29. a3 a5 30. Rc1 Re7 31. h4 axb4 32. axb4 Ra8 33. Bxe4 fxe4 34. Rd5 Ra2 35. c5 dxc5 36. bxc5 Rf7 37. cxb6 cxb6 38. Rf1 Re7 39. Rb5 Re6 40. Rb4 Kf7 41. Rfb1 Rf6 42. Rxe4 Rfxf2 43. Rf4+ Rxf4 44. exf4 Ra6 45. Kf2 Ke6 46. g4 Kd7 47. Ke3 Kc7 48. Rc1+ Kd7 49. Kd4 Ra5 50. Ke4 Rb5 51. Rd1+ Ke7 52. Rd5 Rb1 53. h5 Re1+ 54. Kf3 Rb1 55. Re5+ Kf7 56. h6 Rf1+ 57. Kg3 Rg1+ 1/2-1/2

[Event "Montmagny op"]
[Site "Montmagny CAN"]
[Date "2008.11.23"]
[Round "1"]
[White "Deschenes, Marc-Andre"]
[Black "Champetier, Serge"]
[Result "1/2-1/2"]
[WhiteElo "1809"]
[BlackElo "1994"]
[PlyCount "31"]
[GameId "2160767910286109"]
[EventDate "2008.11.21"]
[EventType "swiss"]
[EventRounds "5"]
[EventCountry "CAN"]

1. e4 d6 2. d4 Nf6 3. Nc3 g6 4. Be3 c6 5. a4 Qa5 6. f3 Nbd7 7. Bc4 d5 8. exd5 Nb6 9. Bb3 Nbxd5 10. Bd2 Qd8 11. Nge2 Bg7 12. O-O Nxc3 13. Bxc3 O-O 14. Re1 Nd5 15. Bd2 Nc7 16. Bb4 1/2-1/2

[Event "Montmagny op"]
[Site "Montmagny CAN"]
[Date "2008.11.23"]
[Round "1"]
[White "Lavoie, Eric"]
[Black "Chevalier, Francois"]
[Result "0-1"]
[WhiteElo "1889"]
[BlackElo "1778"]
[PlyCount "114"]
[GameId "2160767910286110"]
[EventDate "2008.11.21"]
[EventType "swiss"]
[EventRounds "5"]
[EventCountry "CAN"]

1. d4 Nf6 2. Nf3 e6 3. e3 b6 4. Nbd2 Bb7 5. Bd3 d5 6. Ne5 Be7 7. O-O O-O 8. f4 c5 9. c3 Nbd7 10. Qf3 Bd6 11. g4 Qc7 12. g5 Bxe5 13. fxe5 Ne8 14. Qh3 g6 15. Rf4 Nxe5 16. dxe5 Qxe5 17. Nf3 Qc7 18. Rh4 h5 19. gxh6 e5 20. Qg3 e4 21. Qe5 f6 22. Qxc7 Nxc7 23. Bc2 exf3 24. Bxg6 Ne6 25. Kf2 Ng5 26. Bd2 Ne4+ 27. Bxe4 dxe4 28. Rg1+ Kh8 29. Rf4 Rg8 30. Rg3 Rxg3 31. hxg3 Rf8 32. g4 Kg8 33. c4 Rf7 34. Bc3 Kh7 35. g5 f5 36. Rh4 Rd7 37. Rh1 Rd6 38. Kg3 Bc8 39. Kf4 Rd7 40. Bg7 Rd6 41. Bf6 Rd7 42. Be5 Kg6 43. Bg7 Rd8 44. Bf6 Rd7 45. Ke5 Kh7 46. Bg7 Re7+ 47. Kd6 Re8 48. Bf6 f4 49. exf4 e3 50. Be7 f2 51. g6+ Kxg6 52. Bh4 Bh3 53. b3 f1=Q 54. Rxf1 Bxf1 55. Kc6 e2 56. Kb7 Re7+ 57. Ka6 Rf7 0-1

[Event "Montmagny op"]
[Site "Montmagny CAN"]
[Date "2008.11.22"]
[Round "2"]
[White "Cournoyer, Dominic"]
[Black "Zhang, Zhiyuan"]
[Result "0-1"]
[WhiteElo "1958"]
[BlackElo "1718"]
[PlyCount "48"]
[GameId "2160767910286111"]
[EventDate "2008.11.21"]
[EventType "swiss"]
[EventRounds "5"]
[EventCountry "CAN"]

1. c4 e5 2. Nc3 Nf6 3. Nf3 Nc6 4. g3 d5 5. cxd5 Nxd5 6. Bg2 Be6 7. O-O Rb8 8. d3 Bb4 9. Qc2 O-O 10. a3 Be7 11. b4 a6 12. Bb2 f6 13. Rad1 Nb6 14. Ne4 Qe8 15. d4 Qf7 16. dxe5 Bb3 17. Qc3 Na4 18. Qe3 Bxd1 19. Rxd1 Nxb2 20. Rd7 Nc4 21. Qc3 N6xe5 22. Nxe5 fxe5 23. f4 Qe6 24. Nc5 Bxc5+ 0-1

[Event "Montmagny op"]
[Site "Montmagny CAN"]
[Date "2008.11.22"]
[Round "2"]
[White "Page-Fortin, Mathieu"]
[Black "Sauve, Richard"]
[Result "0-1"]
[WhiteElo "1846"]
[BlackElo "1971"]
[PlyCount "88"]
[GameId "2160767910286112"]
[EventDate "2008.11.21"]
[EventType "swiss"]
[EventRounds "5"]
[EventCountry "CAN"]

1. e4 e6 2. d4 d5 3. Nd2 Nf6 4. Bd3 c5 5. e5 Nfd7 6. c3 Nc6 7. Ne2 cxd4 8. cxd4 f6 9. Nf4 Nxd4 10. Qh5+ Ke7 11. exf6+ Nxf6 12. Ng6+ hxg6 13. Qxh8 Kf7 14. O-O e5 15. f3 Bf5 16. Bxf5 gxf5 17. Kh1 Bc5 18. Qh4 Qd7 19. a3 a5 20. b3 Rc8 21. Bb2 Qb5 22. Rac1 Re8 23. Rfe1 Bb6 24. Qh3 g6 25. Qh4 Qd3 26. Qg5 Ne2 27. Rcd1 Bf2 28. Nc4 dxc4 29. Rxd3 cxd3 30. Rxe2 dxe2 31. Bc3 Rc8 32. Bxa5 b6 33. Bb4 e1=Q+ 34. Bxe1 Bxe1 35. g3 Rc3 36. Qh4 Bf2 37. Kg2 Bd4 38. Qg5 Rxb3 39. Qc1 Rc3 40. Qf1 Bc5 41. a4 Rc2+ 42. Kh3 Rf2 43. Qa6 g5 44. Qc4+ Kg6 0-1

[Event "Montmagny op"]
[Site "Montmagny CAN"]
[Date "2008.11.23"]
[Round "2"]
[White "Chevalier, Francois"]
[Black "Champetier, Serge"]
[Result "1/2-1/2"]
[WhiteElo "1778"]
[BlackElo "1994"]
[PlyCount "52"]
[GameId "2160767910286113"]
[EventDate "2008.11.21"]
[EventType "swiss"]
[EventRounds "5"]
[EventCountry "CAN"]

1. d4 Nf6 2. Bg5 b6 3. Bxf6 gxf6 4. e4 Bb7 5. Nc3 e6 6. Nf3 Rg8 7. a3 Qe7 8. g3 Nc6 9. Bg2 O-O-O 10. O-O Bg7 11. Re1 Qf8 12. Qd3 h5 13. b4 Rh8 14. Rad1 d6 15. b5 Na5 16. d5 Kb8 17. Nd4 h4 18. g4 h3 19. Bf3 Bc8 20. Nc6+ Nxc6 21. bxc6 Rh4 22. Be2 Qh8 23. Na2 exd5 24. Nb4 dxe4 25. Na6+ Ka8 26. Nxc7+ Kb8 1/2-1/2

[Event "Montmagny op"]
[Site "Montmagny CAN"]
[Date "2008.11.22"]
[Round "3"]
[White "Cournoyer, Dominic"]
[Black "Duplessis, Jean-Roch"]
[Result "1-0"]
[WhiteElo "1958"]
[BlackElo "1655"]
[PlyCount "81"]
[GameId "2160767910286115"]
[EventDate "2008.11.21"]
[EventType "swiss"]
[EventRounds "5"]
[EventCountry "CAN"]

1. c4 e6 2. Nc3 d5 3. e3 Nf6 4. Nf3 c5 5. d4 Nc6 6. Be2 dxc4 7. Bxc4 a6 8. a3 b5 9. Ba2 Bb7 10. O-O cxd4 11. exd4 Be7 12. d5 exd5 13. Nxd5 Nxd5 14. Bxd5 O-O 15. Ne5 Nxe5 16. Bxb7 Qxd1 17. Rxd1 Ra7 18. Be4 Rd7 19. Bf4 Rxd1+ 20. Rxd1 Nc4 21. Rd7 Rd8 22. Rxd8+ Bxd8 23. Bb7 Nxb2 24. Bxa6 Nd3 25. Bd6 Bb6 26. Bxb5 Nxf2 27. Kf1 Ne4 28. Bb4 Bc5 29. Bxc5 Nxc5 30. Ke2 Kf8 31. Ke3 Ke7 32. Kd4 Kd6 33. a4 h5 34. Be8 h4 35. Kc4 f5 36. a5 g5 37. Kb5 Ne6 38. Kb6 Nf4 39. Bc6 Ne6 40. a6 Nd4 41. a7 1-0

[Event "Montmagny op"]
[Site "Montmagny CAN"]
[Date "2008.11.22"]
[Round "4"]
[White "Lavoie, Eric"]
[Black "Cournoyer, Dominic"]
[Result "1-0"]
[WhiteElo "1889"]
[BlackElo "1958"]
[PlyCount "111"]
[GameId "2160767910286117"]
[EventDate "2008.11.21"]
[EventType "swiss"]
[EventRounds "5"]
[EventCountry "CAN"]

1. b3 d5 2. Bb2 Nf6 3. Nf3 g6 4. e3 Bg7 5. d4 O-O 6. Bd3 Nbd7 7. O-O c5 8. c3 cxd4 9. cxd4 Ne4 10. Nfd2 Nxd2 11. Qxd2 Nf6 12. Nc3 Bd7 13. a4 Rc8 14. Rfc1 Qb6 15. Ba3 Rfe8 16. Bc5 Qd8 17. Bxa7 b6 18. Bb5 Bxb5 19. Nxb5 Ne4 20. Qd1 Ra8 21. Rc7 Nd6 22. Bxb6 Nxb5 23. axb5 Qd6 24. Rc6 Qb4 25. Bc5 Qxb5 26. Rb6 Rxa1 27. Qxa1 Qxc5 28. dxc5 Bxa1 29. c6 Rc8 30. b4 d4 31. b5 d3 32. Kf1 Be5 33. f4 Bd6 34. Ke1 Bc7 35. Rb7 Ba5+ 36. Kd1 Kf8 37. e4 Ke8 38. Ra7 Bb6 39. Ra3 Rb8 40. Kd2 Bc7 41. Rb3 Bxf4+ 42. Kxd3 Bxh2 43. Kc4 Bc7 44. Rh3 e6 45. Rxh7 Ke7 46. Rh3 Bb6 47. Ra3 Rd8 48. Ra6 Rb8 49. Rxb6 Rxb6 50. Kc5 Rb8 51. b6 f5 52. exf5 gxf5 53. b7 e5 54. Kb6 Rh8 55. c7 Rh6+ 56. Kc5 1-0

[Event "Montmagny op"]
[Site "Montmagny CAN"]
[Date "2008.11.23"]
[Round "4"]
[White "Chevalier, Francois"]
[Black "Sauve, Richard"]
[Result "1/2-1/2"]
[WhiteElo "1776"]
[BlackElo "1971"]
[PlyCount "69"]
[GameId "2160767910286118"]
[EventDate "2008.11.21"]
[EventType "swiss"]
[EventRounds "5"]
[EventCountry "CAN"]

1. d4 d5 2. Bg5 h6 3. Bh4 g5 4. Bg3 Bg7 5. e3 Nf6 6. h3 c6 7. Nf3 Bf5 8. Bd3 Bxd3 9. Qxd3 Nbd7 10. Nbd2 Nb6 11. O-O-O Nc8 12. Ne5 Nd6 13. f3 Qa5 14. Kb1 Qb5 15. Qxb5 Nxb5 16. Rhe1 Nd6 17. b3 O-O 18. Bf2 a5 19. a4 Ra6 20. Ka2 b5 21. Rb1 Rc8 22. g4 c5 23. c3 cxd4 24. cxd4 Ra7 25. Rbc1 Rac7 26. Rxc7 Rxc7 27. Kb2 bxa4 28. bxa4 Nfe8 29. Rc1 Rb7+ 30. Ka3 Rb6 31. Nd7 Rb7 32. Nc5 Rc7 33. Ncb3 Rxc1 34. Nxc1 Bf8 35. Kb3 1/2-1/2

[Event "Montmagny op U1600"]
[Site "Montmagny CAN"]
[Date "2008.11.22"]
[Round "1"]
[White "Roirand, Thierry"]
[Black "Gagnon, Rejean"]
[Result "0-1"]
[WhiteElo "1293"]
[BlackElo "1589"]
[PlyCount "82"]
[GameId "2160767910286121"]
[EventDate "2008.11.21"]
[EventType "swiss"]
[EventRounds "5"]
[EventCountry "CAN"]

1. e4 e6 2. d4 d5 3. exd5 exd5 4. Nf3 Nf6 5. Be2 Bd6 6. Nc3 a6 7. Bg5 Be6 8. Bd3 Nbd7 9. Qe2 O-O 10. O-O c5 11. dxc5 Nxc5 12. Rfe1 h6 13. Bh4 Nxd3 14. Qxd3 Be7 15. Nd4 Qd7 16. Nxe6 fxe6 17. Qe2 Kf7 18. Qf3 Rae8 19. Ne2 Kg8 20. Bxf6 Bxf6 21. c3 Bd4 22. Nf4 Bb6 23. Qg4 g5 24. g3 Rf5 25. Kh1 Qf7 26. Re2 e5 27. Rae1 Kh7 28. Nd3 e4 29. Kg2 h5 30. Qh3 Rf8 31. g4 Rf3 32. Qxh5+ Qxh5 33. gxh5 exd3 34. Re7+ R8f7 35. Rxf7+ Rxf7 36. Re5 Rxf2+ 37. Kg3 Bc7 38. Kxf2 Bxe5 39. Ke3 d4+ 40. Kxd3 dxc3 41. bxc3 Bxh2 0-1

[Event "Montmagny op U1600"]
[Site "Montmagny CAN"]
[Date "2008.11.22"]
[Round "2"]
[White "Gagnon, Rejean"]
[Black "Senecal, Jean-Pierre"]
[Result "1-0"]
[WhiteElo "1589"]
[BlackElo "1362"]
[PlyCount "79"]
[GameId "2160767910286122"]
[EventDate "2008.11.21"]
[EventType "swiss"]
[EventRounds "5"]
[EventCountry "CAN"]

1. d4 Nf6 2. c4 e6 3. Nc3 d5 4. Bg5 c6 5. e3 Nbd7 6. Nf3 Qa5 7. Bd3 dxc4 8. Bxf6 Nxf6 9. Bxc4 Ne4 10. Qc2 f5 11. O-O Nxc3 12. bxc3 Be7 13. Qb3 Kf7 14. Ne5+ Kf6 15. f4 Bd6 16. a4 Bxe5 17. dxe5+ Kf7 18. Rfd1 Qb6 19. Bxe6+ Ke7 20. Qxb6 axb6 21. Bb3 Be6 22. Bxe6 Kxe6 23. Rd6+ Ke7 24. Rad1 Rhd8 25. Rxd8 Rxd8 26. Rxd8 Kxd8 27. Kf2 Kd7 28. Ke2 Ke6 29. Kd3 g5 30. Kc4 g4 31. g3 h5 32. Kb4 Kd7 33. c4 Kd8 34. Kc3 Kd7 35. Kd4 Ke6 36. e4 b5 37. exf5+ Kxf5 38. cxb5 cxb5 39. axb5 h4 40. Kd5 1-0

[Event "Montmagny op U1600"]
[Site "Montmagny CAN"]
[Date "2008.11.22"]
[Round "3"]
[White "Imbeault, David"]
[Black "Gagnon, Rejean"]
[Result "0-1"]
[WhiteElo "1481"]
[BlackElo "1589"]
[PlyCount "78"]
[GameId "2160767910286123"]
[EventDate "2008.11.21"]
[EventType "swiss"]
[EventRounds "5"]
[EventCountry "CAN"]

1. d4 Nf6 2. c4 g6 3. Nc3 Bg7 4. e4 d6 5. f4 O-O 6. Nf3 c5 7. d5 Bg4 8. Be2 Na6 9. e5 Nd7 10. exd6 Bxc3+ 11. bxc3 exd6 12. h3 Bxf3 13. Bxf3 Qh4+ 14. Kf1 Rfe8 15. Bd2 Re7 16. Kg1 Rae8 17. Kh2 f5 18. g3 Qf6 19. Re1 Rxe1 20. Bxe1 Qe7 21. Bd2 Nf6 22. Qc2 Qd7 23. Re1 Rxe1 24. Bxe1 b5 25. cxb5 Qxb5 26. c4 Qe8 27. Qe2 Qxe2+ 28. Bxe2 Nd7 29. g4 fxg4 30. hxg4 Nb4 31. a3 Nc2 32. Bd2 Nd4 33. Bd1 Nb6 34. Ba5 Nxc4 35. Bc7 Nb5 36. Be2 Ncxa3 37. Bd8 c4 38. f5 c3 39. Bg5 Nd4 0-1